Normal view
MARC view
Entry Topical Term
001 - CONTROL NUMBER
- control field: 47073
003 - CONTROL NUMBER IDENTIFIER
- control field: dpl
005 - DATE AND TIME OF LATEST TRANSACTION
- control field: 20120514124152.0
008 - FIXED-LENGTH DATA ELEMENTS
- fixed length control field: 120514|||a|||||| | ||| d
040 ## - CATALOGING SOURCE
- Original cataloging agency: dpl
- Transcribing agency: dpl
150 ## - HEADING--TOPICAL TERM
- Topical term or geographic name as entry element: Mathematics
- General subdivision: Textbooks
670 ## - SOURCE DATA FOUND
- Source citation: Work cat.: (dpl): Bathul, Shahnaz 47069, Remedial mathematics /, 2012
670 ## - SOURCE DATA FOUND
- Source citation: Work cat.: (dpl): Bathul, Shahnaz 47069, Remedial mathematics /, 2012
